00245nam a2200097Ia 4500008004100000100001500041245003600056260003900092300000800131650000800139191201s2012 xx 000 0 und d aKULKARNI,M 0aMicrowave and Radar Engineering c2012bUmesh PublicationsaN. Delhi a677 aECE